000 01063cam a2200217 4500
001 WB3945-11
008 031127n2003 000 0 eng u
035 _a(Sirsi) u124506
245 _aUse classes
260 _c2003
490 _aODPM News Release
_v(252) 27 November 2003, (2)
520 _aGovernment is changing the categorisation of restaurants, pubs and takeaways. Previously they have had the same classification making it possible for them to change into one of the other uses without planning permission. The aim is to help local authorities create the correct balance of business on the high street through sensible development rather than one that can have a negative impact on the local quality of life. For the ODPM Press Release: http://www.odpm.gov.uk/pns/DisplayPN.cgi?pn_id=2003_0252
590 _aWB
650 _aUSE CLASSES
650 _aHIGH STREET
650 _aRESTAURANTS
650 _aFAST FOOD OPERATORS
650 _aQUALITY OF LIFE
690 _aENVIRONMENTAL AND LAND CONSULTANCY-PLANNING AND DEVELOPMENT
942 _n0
999 _c73884
_d73884